Score 0/15 Timer 02:00
3 Plays Today
First Word % Correct
Romeo
98.3%
King
96.6%
Julius
96%
Much
95.9%
All's
93.4%
As
91.6%
Henry
90.9%
Antony
89.3%
First Word % Correct
Love's
85.6%
Richard
84.8%
Titus
79.4%
Measure
78.7%
Twelfth
77.3%
Timon
58.7%
Troilus
56.6%

You're not logged in!

Compare scores with friends on all Sporcle quizzes.
OR
Log In

Sporcle TV

Today on Sporcle TV


Watch our educational content, quiz creation guides, and fun videos on Sporcle TV.

Show Comments

Extras

Top Quizzes Today


Score Distribution

Paid Content

Your Account Isn't Verified!

In order to create a playlist on Sporcle, you need to verify the email address you used during registration. Go to your Sporcle Settings to finish the process.

Report this User

Report this user for behavior that violates our Community Guidelines.

Details: